000 01050nam a2200229 a 4500
001 BRCA_195
005 20190320202922.0
008 840416s1984 arua---##b---#000-0#eng-#
020 _a0910407118 (pbk.)
040 _aDLC
_cDLC
_dDLC
050 4 _aND259.R5
_b.A56 1984
245 1 0 _aDiego Rivera
_blos años cubistas
_cRamón Favela ; organized by James K. Ballinger.
260 _aPhoenix, Arizona
_bPhoenix Art Museum
_cc1984
300 _aXII, 176 p.
_bil. (algunas a color)
_c31 cm.
500 _aCatálogo de la exposición realizada en el Phoenix Art Museum, 10 marzo-29 abril, 1984; en la Galería IBM de Cienca y Arte, 13 junio-8 agosto, 1984; en el San Francisco Museum of Modern Art, 27 septiembre-11 noviembre, 1984; y en el Museo Nacional de Arte, 6 diciembre 1984-11 febrero 1985
504 _aBibliografía: p. 141-145
600 1 4 _aRivera, Diego
_d1886-1957
_vExposiciones - Catálogos
_9708
650 1 4 _aCubismo
_vExposiciones - Catálogos
_9709
700 1 _aFavela, Ramón
_9710
700 1 _aBallinger, James K
_9711
942 _2lcc
_cB
999 _c164
_d164